Acuerdo internacional aceptando la adición de un párrafo en la regla XIX (2) del convenio internacional para la seguridad de la vida humana en el mar, que se firmó en Londres el 31 de mayo de 1929. (Record no. 172796)

MARC details
000 -LEADER
campo de control de longitud fija 00943nam a22002175i 4500
001 - NÚMERO DE CONTROL
campo de control 172796
003 - IDENTIFICADOR DE NÚMERO DE CONTROL
campo de control ES-MaACL
005 - FECHA Y HORA DE LA ÚLTIMA TRANSACCIÓN
campo de control 20250831061534.0
008 - DATOS DE LONGITUD FIJA--INFORMACIÓN GENERAL
campo de control de longitud fija 090909s1933 sp |||| | spa d
110 1# - ENTRADA PRINCIPAL--NOMBRE DE ENTIDAD CORPORATIVA
Nombre de entidad corporativa o nombre de jurisdicción como elemento de entrada España
9 (RLIN) 3622
245 10 - MENCIÓN DEL TÍTULO
Título Acuerdo internacional aceptando la adición de un párrafo en la regla XIX (2) del convenio internacional para la seguridad de la vida humana en el mar, que se firmó en Londres el 31 de mayo de 1929.
260 ## - PUBLICACIÓN, DISTRIBUCIÓN, ETC.
Lugar de publicación, distribución, etc. Madrid :
Nombre del editor, distribuidor, etc. [s.n.],
Fecha de publicación, distribución, etc. 1933 (
Fabricante Impr. del Ministerio de Estado)
300 ## - DESCRIPCIÓN FÍSICA
Extensión 4 p. ;
Dimensiones 24 cm.
490 1# - MENCIÓN DE SERIE
Mención de serie Publicaciones del Ministerio de Estado. Serie A: Acuerdos y Convenios Internacionales. Año 1933 ;
Designación de volumen o secuencia 8
500 ## - NOTA GENERAL
Nota general La cubierta sirve de portada.
594 ## - Nota al título y mención de responsabilidad
Nota al título y mención de responsabilidad Texto en español y inglés.
710 1# - ENTRADA AGREGADA--NOMBRE DE ENTIDAD CORPORATIVA
Nombre de entidad corporativa o nombre de jurisdicción como elemento de entrada España.
Unidad subordinada Ministerio de Estado.
9 (RLIN) 3866
830 00 - PUNTO DE ACCESO ADICIONAL DE SERIE-TÍTULO UNIFORME
Título uniforme Publicaciones del Ministerio de Estado
Designación de volumen o secuencia 8
9 (RLIN) 189119
852 ## - LOCALIZACIÓN
Ubicación ES-MaACL
Número de control de estantería 2300-F-13
Holdings
Estatus retirado Estado de pérdida Estado de daño No para préstamo Colección Biblioteca de origen Biblioteca actual Ubicación en estantería Fecha de adquisición Fuente de adquisición Total de préstamos Signatura topográfica completa Código de barras Visto por última vez Precio de reemplazo Tipo de ítem Koha
        Colección de folletos Biblioteca del Ateneo de Madrid Biblioteca del Ateneo de Madrid Depósito folletos 09/09/2009     2300-F-13 1181303 23/02/2023 23/02/2023 Folleto